The emergence of tropical medicine in France (Registro nro. 301732)

Detalles MARC
000 -ENCABEZADO
Número de control [NR] 01005cam a2200277Mi 4500
005 - FECHA Y HORA DE LA ÚLTIMA TRANSACCIÓN
control field 20180313060909.0
008 - DE LONGITUD FIJA DE DATOS DE ELEMENTOS - INFORMACIÓN GENERAL
Elementos de longitud fija [NR] 0 s2014 xxu frb 001 0 eng d
020 ## - NUMERO INTERNACIONAL NORMALIZADO PARA LIBROS [R]
Número Internacional Normalizado del libro [NR] 9780226114521
020 ## - NUMERO INTERNACIONAL NORMALIZADO PARA LIBROS [R]
Número Internacional Normalizado del libro [NR] 139780226114668
020 ## - NUMERO INTERNACIONAL NORMALIZADO PARA LIBROS [R]
Número Internacional Normalizado del libro [NR] 022611452X
035 ## - NUMERO DE CONTROL DEL SISTEMA [R]
Número de control del sistema [NR] (OCoLC)892804208
040 ## - FUENTE DE CATALOGACION [NR]
Agencia de catalogación original [NR] Co-BoUCM
Idioma de catalogación [NR] spa
Quien Cataloga Saul Niño
Quien Clasifica Saul Niño
041 0# - CODIGO DE IDIOMA [R]
Código de idioma para texto/pista de sonido o título separado [R] Inglés
060 ## - SIGNATURA TOPOGRAFICA DE LA BIBLIOTECA NACIONAL DE MEDICINA (NLM) [R]
Número clasificador [R] WC 11
100 1# - ASIENTO PRINCIPAL--NOMBRE PERSONAL [NR]
Nombre personal [NR] Osborne, Michael A
ID Autoridad 73078
245 14 - MENCION DE TITULO [NR]
Título [NR] The emergence of tropical medicine in France
Mención de responsabilidad, etc. [NR] Michael A. Osborne
260 ## - PUBLICACION, DISTRIBUCION, ETC. (PIE DE IMPRENTA) [R]
Lugar de publicación, distribución, etc. [R] Londres (Inglaterra)
Nombre del editor, distribuidor, etc. [R] The University of Chicago Press
Fecha de publicación, distribución, etc. [R] 2014
300 ## - DESCRIPCION FISICA [R]
Extensión [R] 312 páginas
504 ## - NOTA DE BIBLIOGRAFIA, ETC. [R]
Nota de bibliografía, etc. [NR] Incluye referencias bibliográficas e índices
650 #0 - ASIENTO SECUNDARIO DE MATERIA - TERMINO TEMATICO [R]
Término temático o nombre geográfico como elemento de entrada [NR] Medicina tropical
Subdivisión geográfica [R] Francia
Subdivisión general [R] Historia
Subdivisión cronológica [R] Siglo XIX
9 (RLIN) 19188
650 #0 - ASIENTO SECUNDARIO DE MATERIA - TERMINO TEMATICO [R]
Término temático o nombre geográfico como elemento de entrada [NR] Medicina
Subdivisión general [R] Colonias
Subdivisión geográfica [R] Francia
Subdivisión general [R] Historia
Subdivisión cronológica [R] Siglo XIX
9 (RLIN) 7820
650 #0 - ASIENTO SECUNDARIO DE MATERIA - TERMINO TEMATICO [R]
Término temático o nombre geográfico como elemento de entrada [NR] Geografía médica
Subdivisión geográfica [R] Francia
9 (RLIN) 16353
690 ## - ASUNTO AGREGADO LOCAL DE ENTRADA - TÉRMINO TEMÁTICO (OCLC, RLIN)
9 (RLIN) 42873
Acceso temático local Medicina experimental
942 ## - ELEMENTOS DE ENTRADA AGREGADOS (KOHA)
Sistema de clasificación NLM
Tema principal Medicina
Tipo de ítem principal el descrito en 300a Libro
Edición 1
Clasificación WC 11
Parte restante de la signatura top. O814em
Título oculto en OPAC No
948 ## - PROCESAMIENTO DE INFORMACIÓN LOCAL (OCLC), INDICADOR DE LA SERIE PARTE (RLIN)
h (OCLC) NO HOLDINGS IN COUDR - 8 OTHER HOLDINGS
Existencias
Fecha de último préstamo Total préstamos Signatura topográfica Código de barras Última vez visto Ejemplar Costo de reposición Price effective from Tipo de ítem Perdido Sistema de clasificación Dañado No prestable Tipo de ítem específico Suprimido Ubicación habitual Ubicación actual Localización Fecha de creación Proveedor Forma de adquisición Costo
09/11/2015 1 WC 11 O814em 200028777 11/12/2025 Ej.1 167369.00 16/10/2015 Libro   NLM     Libro   Quinta de Mutis Quinta de Mutis 2do piso 16/10/2015 15 Compra 167369.00